[Event "VIE-ch (Women)"]
[Site "Hanoi"]
[Date "2024.03.13"]
[Round "5"]
[White "Truong, Thanh Van"]
[Black "Bui, Ngoc Phuong Nghi"]
[Result "0-1"]
[WhiteElo "1648"]
[BlackElo "1731"]
[PlyCount "110"]
[EventDate "2024.03.11"]
[EventType "swiss"]
[EventRounds "9"]
[EventCountry "VIE"]
[SourceTitle "CB13_2024"]
[SourceDate "2024.03.27"]
[SourceVersion "1"]
[SourceVersionDate "2024.03.27"]
[SourceQuality "1"]

1. d4 d5 2. c4 e6 3. Nf3 c6 4. b3 Nf6 5. g3 Bb4+ 6. Bd2 Be7 7. Bg2 0-0 8. 0-0 Nbd7 9. Nc3 b6 10. Qc2 Ba6 11. cxd5 cxd5 12. Rfe1 Rc8 13. Qb2 Ne4 14. Nxe4 dxe4 15. Ne5 f5 16. Nxd7 Qxd7 17. e3 Bd6 18. Rac1 Qe7 19. b4 Bd3 20. Bf1 Bxf1 21. Kxf1 Rcd8 22. Bc3 Rf6 23. h4 Rh6 24. Kg2 Qf7 25. Qe2 Qg6 26. Rh1 Rf8 27. Bd2 Qe8 28. b5 Qa8 29. Rc6 Qb8 30. Qc4 Rg6 31. h5 Rh6 32. Rc1 Qe8 33. Qe2 Qe7 34. R1c4 Re8 35. a3 Bxa3 36. Rc7 Qg5 37. Rxa7 Rxh5 38. Rcc7 Be7 39. Qd1 Qh6 40. Qg1 Qg5 41. Qd1 Bf6 42. Rcb7 f4 43. exf4 Qh6 44. Qg1 Rxb5 45. Qd1 Rh5 46. Qg1 Qg6 47. Qd1 e3 48. Be1 exf2 49. Kxf2 Rh2+ 50. Ke3 e5 51. dxe5 Bxe5 52. Qd5+ Kh8 53. Re7 Bf6 54. Rxe8+ Qxe8+ 55. Kf3 Qe2# 0-1